书目信息 |
| 题名: |
一个日本老兵对侵华战争的反思
|
|
| 作者: | 河村太美雄 著 ;屈连璧 , 丁大 译 | |
| 分册: | ||
| 出版信息: | 北京 东方出版社 2003.03 |
|
| 页数: | 432页 | |
| 开本: | 21cm | |
| 丛书名: | ||
| 单 册: | ||
| 中图分类: | K265.306 | |
| 科图分类: | ||
| 主题词: | 侵华事件--qin hua shi jian--日本--1937-1945--史料 | |
| 电子资源: | ||
| ISBN: | 7-5060-1652-4 | |
| 000 | 00949nam0 2200241 450 | |
| 001 | 012007783609 | |
| 005 | 20071009103511.37 | |
| 010 | @a7-5060-1652-4@dCNY23.00 | |
| 100 | @a20070726d2003 km y0chiy0120 ea | |
| 101 | 1 | @achi@cjpn |
| 102 | @aCN@b110000 | |
| 105 | @ab z 000yd | |
| 200 | 1 | @a一个日本老兵对侵华战争的反思@Ayi ge ri ben lao bing dui qin hua zhan zheng de fan si@f(日) 河村太美雄著@F(ri)he cun tai mei xiong zhu@g屈连璧, 丁大等译@Gqu lian bi,ding da deng yi |
| 210 | @a北京@c东方出版社@d2003.03 | |
| 215 | @a432页@c地图@d21cm | |
| 330 | @a本书是一位日本老兵书写的关于侵华战争的自传回忆录,作者真实地回忆了他所亲历的侵华战争,以及其战后的反省、对战争性质的剖析等。 | |
| 606 | 0 | @a侵华事件@Aqin hua shi jian@y日本@z1937-1945@j史料 |
| 690 | @aK265.306@v4 | |
| 701 | 0 | @a河村太美雄@Ahe cun tai mei xiong@4著 |
| 702 | 0 | @a屈连璧@Aqu lian bi@4译 |
| 702 | 0 | @a丁大@Ading da@4译 |
| 801 | 0 | @aCN@c20071009 |
| 905 | @dK265.306@eH260 | |
| 一个日本老兵对侵华战争的反思/(日) 河村太美雄著/屈连璧, 丁大等译.-北京:东方出版社,2003.03 |
| 432页:地图;21cm |
| ISBN 7-5060-1652-4:CNY23.00 |
| 本书是一位日本老兵书写的关于侵华战争的自传回忆录,作者真实地回忆了他所亲历的侵华战争,以及其战后的反省、对战争性质的剖析等。 |
| ● |
| 相关链接 |
|
|
|
正题名:一个日本老兵对侵华战争的反思
索取号:K265.306/H260
 
预约/预借
| 序号 | 登录号 | 条形码 | 馆藏地/架位号 | 状态 | 备注 |
| 1 | 250196 | 202501961 | 社科库309/309社科库 36排6列6层/ [索取号:K265.306/H260] | 在馆 | |
| 2 | 250197 | 202501970 | 社科库309/309社科库 36排6列6层/ [索取号:K265.306/H260] | 在馆 |